|
|
|
|
| LEADER |
02002nam a22004335i 4500 |
| 001 |
978-3-642-10913-3 |
| 003 |
DE-He213 |
| 005 |
20151031101053.0 |
| 007 |
cr nn 008mamaa |
| 008 |
111007s2012 gw | s |||| 0|ita d |
| 020 |
|
|
|a 9783642109133
|9 978-3-642-10913-3
|
| 024 |
7 |
|
|a 10.1007/978-3-642-10913-3
|2 doi
|
| 040 |
|
|
|d GrThAP
|
| 050 |
|
4 |
|a QA370-380
|
| 072 |
|
7 |
|a PBKJ
|2 bicssc
|
| 072 |
|
7 |
|a MAT007000
|2 bisacsh
|
| 082 |
0 |
4 |
|a 515.353
|2 23
|
| 245 |
1 |
0 |
|a Equazioni alle derivate parziali a caratteristiche reali
|h [electronic resource] /
|c edited by Luigi Amerio.
|
| 264 |
|
1 |
|a Berlin, Heidelberg :
|b Springer Berlin Heidelberg,
|c 2012.
|
| 300 |
|
|
|a III, 348 pagg. 3 figg.
|b online resource.
|
| 336 |
|
|
|a text
|b txt
|2 rdacontent
|
| 337 |
|
|
|a computer
|b c
|2 rdamedia
|
| 338 |
|
|
|a online resource
|b cr
|2 rdacarrier
|
| 347 |
|
|
|a text file
|b PDF
|2 rda
|
| 490 |
1 |
|
|a C.I.M.E. Summer Schools ;
|v 9
|
| 505 |
0 |
|
|a M. Cinquini Cibrario: Equazioni non lineari e teoria delle caratteristiche -- J. Leray: La théorie de L. Garding des équations hyperboliques lineaires -- S.L. Sobolev: Lezioni sulle equazioni iperboliche non lineari -- A Weinstein: Equazioni alle derivate parziali singolari.
|
| 520 |
|
|
|a M. Cinquini Cibrario: Equazioni non lineari e teoria delle caratteristiche.- J. Leray: La théorie de L. Garding des équations hyperboliques lineaires.- S.L. Sobolev: Lezioni sulle equazioni iperboliche non lineari.- A Weinstein: Equazioni alle derivate parziali singolari.
|
| 650 |
|
0 |
|a Mathematics.
|
| 650 |
|
0 |
|a Partial differential equations.
|
| 650 |
1 |
4 |
|a Mathematics.
|
| 650 |
2 |
4 |
|a Partial Differential Equations.
|
| 700 |
1 |
|
|a Amerio, Luigi.
|e editor.
|
| 710 |
2 |
|
|a SpringerLink (Online service)
|
| 773 |
0 |
|
|t Springer eBooks
|
| 776 |
0 |
8 |
|i Printed edition:
|z 9783642109119
|
| 830 |
|
0 |
|a C.I.M.E. Summer Schools ;
|v 9
|
| 856 |
4 |
0 |
|u http://dx.doi.org/10.1007/978-3-642-10913-3
|z Full Text via HEAL-Link
|
| 912 |
|
|
|a ZDB-2-SMA
|
| 950 |
|
|
|a Mathematics and Statistics (Springer-11649)
|